[Event "Titled Tuesday intern op 16th Apr Early"]
[Site "Chess.com INT"]
[Date "2024.04.16"]
[Round "2"]
[White "Kuzubov, Yuriy"]
[Black "Rohit, S3."]
[Result "0-1"]
[WhiteElo "2606"]
[BlackElo "2359"]
[PlyCount "88"]
[EventDate "2024.04.16"]
[EventType "swiss (blitz)"]
[EventRounds "11"]
[EventCountry "USA"]
[SourceTitle "CB17_2024"]
[SourceDate "2024.04.24"]
[SourceVersion "1"]
[SourceVersionDate "2024.04.24"]
[SourceQuality "1"]

1. d4 Nf6 2. c4 e6 3. Nf3 d5 4. Nc3 c5 5. cxd5 exd5 6. g3 Nc6 7. Bg2 cxd4 8. Nxd4 Bc5 9. Nxc6 bxc6 10. 0-0 0-0 11. Qc2 Bb6 12. Rd1 Ng4 13. e3 Qf6 14. Qe2 a5 15. Na4 Bc7 16. h3 Ne5 17. b3 Nf3+ 18. Bxf3 Qxa1 19. Ba3 Qf6 20. Bxf8 Kxf8 21. Kg2 Bf5 22. Rc1 Kg8 23. h4 g6 24. Nc5 h5 25. Qd1 Rd8 26. Kg1 Bc8 27. Bg2 Kg7 28. Nd3 Bf5 29. Ne1 Bb6 30. Nf3 Bg4 31. Qe2 Re8 32. Qa6 Bxe3 33. Rxc6 Bxf2+ 34. Kxf2 Qb2+ 35. Kg1 Bxf3 36. Bxf3 Re1+ 37. Qf1 Qd4+ 38. Kg2 Rxf1 39. Kxf1 Qa1+ 40. Kg2 Qxa2+ 41. Kh3 Qxb3 42. Bg2 a4 43. Rd6 a3 44. Bxd5 Qb5 0-1

[Event "Titled Tuesday intern op 02nd Apr Early"]
[Site "Chess.com INT"]
[Date "2024.04.02"]
[Round "10"]
[White "Lazavik, Denis"]
[Black "Kuzubov, Yuriy"]
[Result "1-0"]
[WhiteElo "2572"]
[BlackElo "2606"]
[PlyCount "63"]
[EventDate "2024.04.02"]
[EventType "swiss (blitz)"]
[EventRounds "11"]
[EventCountry "USA"]
[SourceTitle "CB15_2024"]
[SourceDate "2024.04.10"]
[SourceVersion "1"]
[SourceVersionDate "2024.04.10"]
[SourceQuality "1"]

1. d4 g6 2. c4 Bg7 3. Nf3 d6 4. g3 Nc6 5. Bg2 Nh6 6. 0-0 0-0 7. Nc3 e5 8. dxe5 dxe5 9. Qxd8 Nxd8 10. Nxe5 Bxe5 11. Bxh6 Re8 12. Rad1 Be6 13. Nd5 c6 14. Bf4 Bxf4 15. Nf6+ Kf8 16. Nxe8 Be5 17. Nd6 Ke7 18. c5 a5 19. b3 a4 20. Rd3 axb3 21. axb3 Ra2 22. e3 Rb2 23. Rfd1 Bxb3 24. Nc8+ Ke6 25. Rxd8 Bxd1 26. Rxd1 Rc2 27. Rb1 Kd7 28. Nd6 Bxd6 29. cxd6 b5 30. Rd1 b4 31. Bh3+ Kd8 32. Ra1 1-0

[Event "Bucharest Grand Prix op"]
[Site "Bucharest"]
[Date "2024.03.24"]
[Round "10"]
[White "Kuzubov, Yuriy"]
[Black "Stoleriu, George"]
[Result "1-0"]
[WhiteElo "2605"]
[BlackElo "2391"]
[PlyCount "125"]
[EventDate "2024.03.23"]
[EventType "swiss (rapid)"]
[EventRounds "10"]
[EventCountry "ROU"]
[SourceTitle "CB13_2024"]
[SourceDate "2024.03.27"]
[SourceVersion "1"]
[SourceVersionDate "2024.03.27"]
[SourceQuality "1"]

1. d4 e6 2. Nf3 Nf6 3. c4 Bb4+ 4. Bd2 Qe7 5. g3 Bxd2+ 6. Qxd2 0-0 7. Bg2 d6 8. 0-0 e5 9. Nc3 Re8 10. e4 Bg4 11. d5 Bxf3 12. Bxf3 a5 13. Bg2 Na6 14. Rae1 Nc5 15. f4 h6 16. Kh1 c6 17. fxe5 Qxe5 18. Rf5 Qe7 19. e5 dxe5 20. dxc6 bxc6 21. Bxc6 Qe6 22. Rxf6 Qxf6 23. Bxa8 Rxa8 24. Nd5 Qf3+ 25. Qg2 Qxg2+ 26. Kxg2 Nd3 27. Re2 f6 28. b3 Nc5 29. Rd2 Kf7 30. Nc3 Ke6 31. Rd5 Rc8 32. Nb5 h5 33. Kf3 g5 34. Rd6+ Ke7 35. Rb6 Rd8 36. Nc7 Rd2 37. Nd5+ Kd7 38. Nxf6+ Kc7 39. Rb5 Ne6 40. Rxe5 Nd8 41. Rxg5 Rxa2 42. Rxh5 Nc6 43. Rh7+ Kd6 44. Ne4+ Ke5 45. Rh5+ Ke6 46. Rh6+ Kd7 47. Nc5+ Kc7 48. h4 Nd4+ 49. Ke4 Ne2 50. g4 Nc3+ 51. Kd3 Nd1 52. g5 Rg2 53. Rf6 Nf2+ 54. Kd4 Ng4 55. Rf4 Kc6 56. Nd3 Nh2 57. Rf6+ Kc7 58. g6 Ng4 59. Rf4 Nh6 60. Ne5 Rg3 61. Rf3 Rg1 62. Kc5 Kd8 63. Nf7+ 1-0

[Event "Titled Tuesday intern op 12th Mar Early"]
[Site "Chess.com INT"]
[Date "2024.03.12"]
[Round "2"]
[White "Hernandez Amura, Gilberto"]
[Black "Kuzubov, Yuriy"]
[Result "0-1"]
[WhiteElo "2198"]
[BlackElo "2605"]
[PlyCount "72"]
[EventDate "2024.03.12"]
[EventType "swiss (blitz)"]
[EventRounds "11"]
[EventCountry "USA"]
[SourceTitle "CB12_2024"]
[SourceDate "2023.10.01"]
[SourceVersion "1"]
[SourceVersionDate "2023.10.01"]
[SourceQuality "1"]

1. d4 g6 2. h4 Nf6 3. Bg5 d5 4. Nc3 Nbd7 5. e3 h6 6. Bf4 a6 7. g4 b5 8. a3 Bb7 9. Bg2 Nb6 10. Be5 Rg8 11. Bxf6 exf6 12. Nge2 Bd6 13. Nc1 Qe7 14. Nd3 c6 15. Qe2 0-0-0 16. a4 Kb8 17. axb5 axb5 18. Nb1 f5 19. Nd2 fxg4 20. Qxg4 f5 21. Qe2 Rde8 22. Kd1 Kc7 23. Bf3 Ra8 24. Rc1 Nc4 25. Nxc4 dxc4 26. Ne1 g5 27. hxg5 hxg5 28. Rg1 g4 29. Bh1 Rh8 30. Bg2 Rh2 31. c3 Bc8 32. Nc2 Ra2 33. Ne1 f4 34. exf4 Qxe2+ 35. Kxe2 Bxf4 36. Rc2 Bf5 0-1

[Event "Titled Tuesday intern op 13th Feb Late"]
[Site "Chess.com INT"]
[Date "2024.02.13"]
[Round "9"]
[White "Anton Guijarro, David"]
[Black "Kuzubov, Yuriy"]
[Result "1-0"]
[WhiteElo "2672"]
[BlackElo "2605"]
[PlyCount "121"]
[EventDate "2024.02.13"]
[EventType "swiss (blitz)"]
[EventRounds "11"]
[EventCountry "USA"]
[SourceTitle "CB08_2024"]
[SourceDate "2024.02.21"]
[SourceVersion "1"]
[SourceVersionDate "2024.02.21"]
[SourceQuality "1"]

1. d4 g6 2. e4 Bg7 3. Be3 d6 4. Qd2 a6 5. c4 Nf6 6. f3 e5 7. d5 Nfd7 8. Nc3 0-0 9. h4 f5 10. exf5 gxf5 11. Bg5 Qe8 12. h5 b5 13. h6 Bf6 14. cxb5 Nc5 15. b4 Ncd7 16. Nh3 Nb6 17. a4 axb5 18. Bxb5 Bd7 19. Bxd7 N8xd7 20. 0-0 Qg6 21. Bxf6 Nxf6 22. a5 Nc8 23. Nb5 Ne7 24. Nxc7 Rac8 25. Ne6 Rfe8 26. Ng7 Red8 27. a6 f4 28. Ne6 Re8 29. Rfc1 Nfxd5 30. Rxc8 Rxc8 31. Neg5 Rc2 32. Qxc2 Qxc2 33. a7 Nb6 34. a8Q+ Nxa8 35. Rxa8+ Nc8 36. Ne4 Qc6 37. Rb8 Qc7 38. Ra8 Qb7 39. Ra1 Qxb4 40. Nhg5 Qd4+ 41. Kh2 Qxa1 42. Nf6+ Kf8 43. Nfxh7+ Ke7 44. Ne4 d5 45. Nhg5 Nd6 46. h7 Qa8 47. Nxd6 Kxd6 48. Nf7+ Kc5 49. h8Q Qxh8+ 50. Nxh8 d4 51. Ng6 d3 52. Nxe5 d2 53. Nd3+ Kd4 54. Nf2 Ke3 55. Nd1+ Ke2 56. Nb2 Ke3 57. Kh3 Kf2 58. Kg4 Kxg2 59. Kxf4 Kf2 60. Ke4 Ke2 61. f4 1-0

[Event "Titled Tuesday intern op 13th Feb Early"]
[Site "Chess.com INT"]
[Date "2024.02.13"]
[Round "3"]
[White "Kuzubov, Yuriy"]
[Black "Banh, Gia Huy"]
[Result "1-0"]
[WhiteElo "2605"]
[BlackElo "2390"]
[PlyCount "115"]
[EventDate "2024.02.13"]
[EventType "swiss (blitz)"]
[EventRounds "11"]
[EventCountry "USA"]
[SourceTitle "CB08_2024"]
[SourceDate "2024.02.21"]
[SourceVersion "1"]
[SourceVersionDate "2024.02.21"]
[SourceQuality "1"]

1. d4 Nf6 2. Nf3 g6 3. Nbd2 Bg7 4. e4 d5 5. e5 Ne4 6. Bd3 Nxd2 7. Bxd2 c5 8. c3 Nc6 9. h3 Qb6 10. Qb3 c4 11. Qxb6 axb6 12. Bc2 b5 13. 0-0 Bf5 14. Bxf5 gxf5 15. a3 e6 16. Kh2 0-0 17. Rae1 Ne7 18. g4 fxg4 19. hxg4 Ng6 20. Kg3 Rae8 21. Rh1 f6 22. exf6 Bxf6 23. Rh5 Re7 24. Bh6 Rfe8 25. Bg5 Bxg5 26. Rxg5 Rf8 27. Nh4 Rf6 28. f4 Kf7 29. Ng2 Re8 30. Rh5 Kg7 31. Reh1 Nf8 32. Nh4 Kg8 33. Nf3 Re7 34. Rg5+ Rg6 35. Re5 Reg7 36. Rh4 Nd7 37. Rg5 Nf6 38. Rxg6 Ne4+ 39. Kg2 hxg6 40. Rh6 Kf7 41. Ne5+ Kf6 42. Kf3 Nd2+ 43. Ke3 Nf1+ 44. Ke2 Ng3+ 45. Kf3 Ne4 46. g5+ Nxg5+ 47. fxg5+ Kxg5 48. Rh8 Re7 49. Rg8 Rh7 50. Rxg6+ Kf5 51. Rg2 Rh3+ 52. Ke2 Ke4 53. Nd7 Re3+ 54. Kd2 Rd3+ 55. Kc2 Rf3 56. Nc5+ Ke3 57. Nxe6 b6 58. Nc7 1-0

[Event "Titled Tuesday intern op 13th Feb Late"]
[Site "Chess.com INT"]
[Date "2024.02.13"]
[Round "2"]
[White "Sourath, Biswas"]
[Black "Kuzubov, Yuriy"]
[Result "0-1"]
[WhiteElo "2305"]
[BlackElo "2605"]
[PlyCount "49"]
[EventDate "2024.02.13"]
[EventType "swiss (blitz)"]
[EventRounds "11"]
[EventCountry "USA"]
[SourceTitle "CB08_2024"]
[SourceDate "2024.02.21"]
[SourceVersion "1"]
[SourceVersionDate "2024.02.21"]
[SourceQuality "1"]

1. d4 g6 2. Nc3 Bg7 3. Bf4 d6 4. e4 Nc6 5. Nf3 Bg4 6. Bb5 Bxf3 7. Qxf3 Bxd4 8. 0-0-0 e5 9. Ne2 Bxb2+ 10. Kxb2 exf4 11. e5 Nge7 12. h4 0-0 13. h5 Nxe5 14. Qxf4 c6 15. Bd3 Nd5 16. Qh6 Qf6 17. Kb1 Ng4 18. Qc1 Rae8 19. hxg6 fxg6 20. Bc4 Rxe2 21. Rxd5 cxd5 22. Bxe2 Nxf2 23. Rf1 Qd4 24. Qg5 Qe5 25. Qh6 0-1

[Event "Titled Tuesday intern op 06th Feb Early"]
[Site "Chess.com INT"]
[Date "2024.02.06"]
[Round "7"]
[White "Doshi, Moksh Amitbhai"]
[Black "Kuzubov, Yuriy"]
[Result "0-1"]
[WhiteElo "2353"]
[BlackElo "2605"]
[PlyCount "60"]
[EventDate "2024.02.06"]
[EventType "swiss (blitz)"]
[EventRounds "11"]
[EventCountry "USA"]
[SourceTitle "CB07_2024"]
[SourceDate "2024.02.14"]
[SourceVersion "1"]
[SourceVersionDate "2024.02.14"]
[SourceQuality "1"]

1. d4 g6 2. e4 Bg7 3. Nf3 d6 4. Bc4 c6 5. 0-0 d5 6. Bd3 dxe4 7. Bxe4 Nf6 8. Bd3 0-0 9. h3 Nbd7 10. Re1 c5 11. Nc3 a6 12. Be3 Qc7 13. dxc5 Nxc5 14. Bc4 b6 15. Qc1 Bb7 16. Bf4 Qc8 17. Rxe7 Bxf3 18. gxf3 Qxh3 19. Qe3 Nh5 20. Bh2 Bf6 21. Nd5 Bxe7 22. Qxe7 Rae8 23. Be5 Qxf3 24. Re1 Qg4+ 25. Kh2 Qxc4 26. Qf6 Nxf6 27. Nxf6+ Kh8 28. Nxe8+ f6 29. Bxf6+ Rxf6 30. Nxf6 Qh4+ 0-1

[Event "Titled Tuesday intern op 06th Feb Late"]
[Site "Chess.com INT"]
[Date "2024.02.06"]
[Round "8"]
[White "Kushko, Dmitriy"]
[Black "Kuzubov, Yuriy"]
[Result "0-1"]
[WhiteElo "2445"]
[BlackElo "2605"]
[PlyCount "78"]
[EventDate "2024.02.06"]
[EventType "swiss (blitz)"]
[EventRounds "11"]
[EventCountry "USA"]
[SourceTitle "CB07_2024"]
[SourceDate "2024.02.14"]
[SourceVersion "1"]
[SourceVersionDate "2024.02.14"]
[SourceQuality "1"]

1. f4 g6 2. Nf3 Bg7 3. g3 d5 4. Bg2 b5 5. Nc3 a6 6. e4 d4 7. Ne2 d3 8. cxd3 Qxd3 9. Nc3 Bb7 10. Bf1 Qd7 11. Qb3 Nc6 12. Be2 Nd4 13. Nxd4 Bxd4 14. d3 Nf6 15. Bf3 0-0 16. Bd2 c5 17. Ne2 c4 18. dxc4 Nxe4 19. 0-0-0 bxc4 20. Qc2 Nxd2 21. Bxb7 Qxb7 22. Nxd4 Ne4 23. Rhe1 Nd6 24. Ne2 Nb5 25. Nc3 Rad8 26. Rxd8 Rxd8 27. Rd1 Rxd1+ 28. Qxd1 Nxc3 29. Qd8+ Kg7 30. Qd4+ f6 31. bxc3 Qh1+ 32. Kb2 Qxh2+ 33. Ka3 Qxg3 34. Qxc4 Qe3 35. Kb4 h5 36. Qxa6 h4 37. Qb7 h3 38. a4 h2 39. a5 Qe1 0-1

[Event "Titled Tuesday intern op 06th Feb Late"]
[Site "Chess.com INT"]
[Date "2024.02.06"]
[Round "11"]
[White "Kuzubov, Yuriy"]
[Black "Duda, Jan Krzysztof"]
[Result "1/2-1/2"]
[WhiteElo "2605"]
[BlackElo "2732"]
[PlyCount "92"]
[EventDate "2024.02.06"]
[EventType "swiss (blitz)"]
[EventRounds "11"]
[EventCountry "USA"]
[SourceTitle "CB07_2024"]
[SourceDate "2024.02.14"]
[SourceVersion "1"]
[SourceVersionDate "2024.02.14"]
[SourceQuality "1"]

1. d4 d5 2. c4 e6 3. Nf3 Nf6 4. Nc3 c6 5. e3 Nbd7 6. Be2 Bd6 7. b3 0-0 8. 0-0 b6 9. Bb2 Bb7 10. a4 Rc8 11. a5 Re8 12. a6 Ba8 13. cxd5 Nxd5 14. Nxd5 cxd5 15. Qd2 Qe7 16. Rfc1 Bc6 17. Ne5 Nxe5 18. dxe5 Bc5 19. Bc3 Qd7 20. Qd3 Qe7 21. Qd2 Qd7 22. Qd3 Qe7 23. Rab1 Bb4 24. Bxb4 Qxb4 25. Qd4 Qxd4 26. exd4 Bd7 27. f4 Kf8 28. Kf2 Ke7 29. Ke3 Rxc1 30. Rxc1 Rc8 31. Rxc8 Bxc8 32. g4 Bd7 33. h4 g6 34. Kd2 Kd8 35. Kc3 Kc7 36. Kb4 Bc8 37. Bd3 Bd7 38. Kc3 b5 39. Kb4 Kb6 40. Be2 Bc6 41. Bf1 Bd7 42. Bg2 Bc6 43. Bf1 Be8 44. Bd3 Bd7 45. Bc2 Bc8 46. Bd3 Bd7 1/2-1/2